| 000 | 01080nam a2200241 a 4500 | ||
|---|---|---|---|
| 001 | 38877 | ||
| 003 | BD-RjUL | ||
| 005 | 20211209052857.0 | ||
| 008 | 160424s2014 bg ||||e b||| 00| 0 ben d | ||
| 020 |
_a978-984-33-6450-0 _c: Tk. 200.00 |
||
| 035 | _a(BD-RjUL) 38987 | ||
| 040 |
_aBD-RjUL _bben _cBD-RjUL |
||
| 041 | _aben | ||
| 082 |
_223 _a301.095492 _bNRI 2014 |
||
| 245 | 0 | 0 |
_aনৃবিজ্ঞানের দৃষ্টিতে সমকালীন বাংলাদেশ / _cজহির আহমেদ সম্পাদক |
| 260 |
_aঢাকা : _bসোসাইটি ফর এ্যানথ্রপলজিক্যাল রিসার্চ, বাংলাদেশ (সার্ব), _c২০১৪ |
||
| 300 |
_axvii, ১৫৪ পৃ. ; _c২৩ সেমি. |
||
| 504 | _aতথ্যপঞ্জি সংযুক্ত | ||
| 650 |
_aনৃবিজ্ঞান _zবাংলাদেশ _9119909 |
||
| 650 |
_aAnthropology _zBangladesh _9119910 |
||
| 700 |
_aআহমেদ, জহির, সম্পা. _9119911 |
||
| 942 |
_2ddc _cBK |
||
| 999 |
_c38877 _d38877 |
||